000 00405nam a2200145 i 4500
001 134499
003 ES-MaACL
007 t|
008 070911s1913 fr ||||1| fre d
100 1 _aWeber, Louis.
_9116264
245 1 3 _aLe rythme du progrès
_b: etude sociologique /
_cpar Louis Weber.
260 _aParis :
_bFélix Alcan,
_c1913.
300 _aXIV, 311 p. ;
_c23 cm.
852 _aES-MaACL
_jB-7212
999 _c134499
_d134499